| 000 | 00553nam a2200193Ia 4500 | ||
|---|---|---|---|
| 008 | 230125s9999 xx 000 0 und d | ||
| 020 | _a81-85301-60-3 | ||
| 041 | _aeng | ||
| 082 |
_a823 _bBOD |
||
| 100 |
_aBodhasarananda S (Pub.) _9112639 |
||
| 245 | _aSelections from Complete Works of Swami Vivekananda | ||
| 260 |
_c2007 _bAdvaita ashrama pub _aKolkata |
||
| 300 | _a570p | ||
| 500 | _aEnglish Literature;Literature | ||
| 650 | _aEnglish Literature | ||
| 700 |
_aBodhasarananda S (Pub.) _9112639 |
||
| 906 | _b2 | ||
| 999 |
_c89628 _d89628 |
||